Melodické etudy, op. 36 husle

Bibliographic Details
Main Author: Mazas, Jacques Féréol, 1782-1849 (skl)
Other Authors: Kořínek, Viliam, 1915-2006 (upr), Valentovič, Igor (nob)
Format: Book
Language:Slovak
PhysicalDescription:50 s. 31x23 cm
Published: Bratislava Národné hudobné centrum 1998
ISBN:8088884063
Subjects:

MARC

LEADER 00000nam a2200000 a 4500
001 vtls001362377
003 SK-MaSNL
005 20260331203553.0
008 160415s1998 xo 0 slo
015 |a SNBH1999/02-00866 
020 |a 8088884063 
035 |a SNK000315974 
040 |a SNK  |b slo  |c SNK  |e AACR2 
041 0 |a slo 
044 |a xo  |c SK 
080 |a 787.1.087.51  |2 1981 
100 1 |a Mazas, Jacques Féréol,  |d 1782-1849  |4 skl  |9 90616 
245 1 |a Melodické etudy, op. 36  |h hudobnina  |b husle  |c Jacques Féréol Mazas ; revízia Viliam Kořínek 
260 |a Bratislava  |b Národné hudobné centrum  |c 1998 
300 |a 50 s.  |c 31x23 cm 
500 |a NHC 9803 
500 |a Obálka: Igor Valentovič 
650 0 7 |a inštruktívna tvorba  |x etudy  |x husle  |2 SNK  |9 431980 
650 0 7 |a etudy (husle)  |2 SNK  |9 69087 
700 1 |a Kořínek, Viliam,  |d 1915-2006  |4 upr  |9 238842 
700 1 |a Valentovič, Igor  |4 nob  |9 8121 
919 |a 80-88884-06-3 
924 |a husle 
958 |a HHU 
958 |a TL 
999 |c 720939  |d 722869 
952 |t P60, <03>, [BOOK], {603}  |a SNK  |b SNK  |y PREZ  |7 0  |p 17A0231887  |o snkHSB 3475  |i snkKSP 5395/99  |0 0  |1 0  |4 0  |d 1999-05-10  |l 0  |r 2005-01-02 00:00:00  |w 2026-02-23 
952 |t P60, <04>, [BOOK], {604}  |a SNK  |b SNK  |y VYP  |7 0  |p 17A0192593  |o snkHSB 3475 D1  |i snkKSP 5396/99  |0 0  |1 0  |4 0  |d 1999-05-10  |l 0  |r 2005-01-02 00:00:00  |w 2026-02-23